000 02217nam2a22003491 4500
001 v19\rc\1427648
005 20250618191435.0
035 _a(NLR Aleph) 004675597
090 _a3736685
_c3736685
100 _a20060620d1888 |||y0rusy50 ca
101 0 _arus
102 _aRU
105 _ay g |||||
135 _acrbn 001auaba
200 0 _a... на 1888 год
_fиздание Саратовского губернского статистического комитета
_gпод редакцией секретаря комитета Н.С. Соколова
210 _aСаратов
_cтипография губернского правления
_d1888
215 _a[2], IV, [1], 423, 152, [2] с.
300 _aОбщ. загл. выпуска: Адрес-календарь Саратовской губернии на 1888 год
325 _aКопия доступна в Электрон. б-ке РНБ http://vivaldi.nlr.ru/bx000002346/open
461 0 _1001v19\rc\1427617
_12001#$aПамятная книжка Саратовской губернии...$f[Саратовский губернский статистический комитет]$v... на 1888 год
_93736588
_cСаратов
_d1858-1916
_f[Саратовский губернский статистический комитет]
_nтипография губернского правления
_tПамятная книжка Саратовской губернии...
_v... на 1888 год
517 1 _aАдрес-календарь Саратовской губернии на 1888 год
_zrus
702 1 _4340
_7ca
_8rus
_aСоколов
_bН. С.
_cисторик-краевед
_f1860-1890
_gНиколай Степанович
_9184173
_3RU\NLR\AUTH\770184224
801 0 _aRU
_bNLR
_gpsbo
801 1 _aRU
_bProSoft-M
_2rusmarc
801 2 _aRU
_bNLR
_c20161117
_2rusmarc
852 _aNLR
_jС595Сар/П15
856 0 _uhttps://nlr.ru/elibrarypro/memo/RA5946/content?id=2448
942 _cBOOK
980 _aNB
981 2 6 _a(26) Памятные книжки губерний Российской империи
_b(26) Саратовская губерния